00234nam a22000857a 4500008004100000082001600041100003700057245004600094300000800140230626b xxu||||| |||| 00| 0 eng d a331.23bOMO cJacob O. Omolo and John M. Omiti aIs Minimum Wage Policy Effective in Kenya a48p